000 00588nam a22001697a 4500
003 OSt
005 20250919023527.0
008 250919b |||||||| |||| 00| 0 eng d
020 _a0-9194-34-71-1
040 _aDWCL-Main Lib
_cOC
082 _aCirc. 616.02 St785 1988
245 _aStandard first aid, safety oriented modular course workbook
260 _aOttawa, Canada :
_b St. John Ambulance,
_cc1988
300 _avi-v p :
_b illustration :
_c27 cm.
650 _2First aid
942 _2ddc
_cBK-CIRC
_e2nd edition
_hCirc. 616.02 St785 1988
_kCirc.
_n0
999 _c4484
_d4484